"Nuclear" Things - Statistics

General Stats
  • This quiz has been taken 355 times
  • The average score is 10 of 18
Answer Stats
Hint Nuclear ______ % Correct
Militaristic atomic explosive device nuclear weapon
95%
Reaction where atomic nuclei combine e.g. in the sun nuclear fusion
89%
Reaction where atomic nuclei split nuclear fission
88%
Electricity production based on nuclear reactions nuclear power
86%
Conflict where belligerents deploy the above nuclear war
86%
Figurative switch that a nuclear state can push to attack nuclear button
74%
Underwater boat powered by nuclear reactions nuclear submarine
74%
Theoretical global climatic cooling as result of nuclear conflict nuclear winter
67%
Social unit of a couple and their dependent children nuclear family
66%
Radiation proof subterranean fallout shelter nuclear bunker
61%
Guarantee by a nuclear state to defend its allies (parasol?) nuclear umbrella
37%
Theoretical mass extinction as a result of nuclear conflict nuclear holocaust
33%
The spread of nuclear technology to new countries nuclear proliferation
31%
Meme based on pacifist Indian’s atomic bug in Civilization game Nuclear Gandhi
30%
Villain in Superman IV: The Quest for Peace Nuclear Man
29%
A nuclear arsenal intended to discourage an enemy attack nuclear deterrent
26%
The reduction of nuclear arsenals or the goal of their elimination nuclear disarmament
23%
Allows US Senate to override standing rule by simple majority nuclear option
21%
No matching quizzes found
Score Distribution
Percent of People with Each Score
Percentile by Number Answered
Your Score History
You have not taken this quiz